00613cam a22002171 4500001001300000003000400013005001700017008004100034010001700075035001900092040001800111042001200129050001600141100003100157245007000188260003000258300003200288504003500320650002500355999001500380agr34000379 DLC20260227110953.0800820s1933 gw a b 000 0 ger  aagr34000379  a(OCoLC)6638240 aDLCcNICdDLC apremarc00aQK861b.M641 aMolisch, Hans,d1856-1937.10aPflanzenchemie und pflanzenverwandtschaft,cvon Dr. Hans Molisch. aJena,bG. Fischer,c1933. avii, 118 p.billus.c24 cm. a"Literatur": p. 90-92, 116-17. 0aBotanical chemistry. c9625d9625